| 000 | 01108nam a22003497a 4500 | ||
|---|---|---|---|
| 001 | 0005679 | ||
| 003 | KOHA_MİRAKIL | ||
| 005 | 20260207001453.0 | ||
| 007 | ta | ||
| 008 | 090619b2007 tu |||gr||||#0|||0|tur | | ||
| 020 | _a9756618523 | ||
| 040 |
_aTR-BiSEU _btur _cTR-BiSEU _erda |
||
| 041 | 0 | _atur | |
| 044 | _ctu | ||
| 050 |
_aDR479 _b.O93 2007 |
||
| 100 | 1 | _aÖzcan, Murat. | |
| 245 | 1 |
_aTarih ışığında Yunan mezalimi/ _cMurat Özcan ; Murat Özcan. |
|
| 264 | 1 |
_aİstanbul : _bIQ Kültür Sanat Yayıncılık _c2007 |
|
| 300 | _a400 sayfa: resimli | ||
| 336 |
_ametin _btxt _2rdacontent |
||
| 337 |
_aaracısız _bn _2rdamedia |
||
| 338 |
_acilt _bnc _2rdacarrier |
||
| 490 | 1 |
_aIQ Kültür Sanat Yayıncılık ; _v56. |
|
| 490 | 1 |
_aİnceleme-araştırma dizisi ; _v33. |
|
| 500 | _aKaynakça var. | ||
| 650 | 0 |
_aTürkiye--Dış ilişkiler--Yunanistan. _913720 |
|
| 650 | 0 |
_aYunanistan--Dış ilişkiler--Türkiye. _913721 |
|
| 830 | 1 |
_aIQ Kültür Sanat Yayıncılık ; _v56. _95875 |
|
| 830 | 1 |
_aİnceleme-araştırma dizisi ; _v33. _98382 |
|
| 907 | _aTarih | ||
| 942 |
_2lcc _cBK |
||
| 999 |
_c5660 _d5660 |
||